| 000 | 00959nam a22002897a 4500 | ||
|---|---|---|---|
| 001 | 7148 | ||
| 003 | FISKH | ||
| 005 | 20250630094322.0 | ||
| 008 | 250630b cb ||||| |||| 00| 0 eng d | ||
| 020 | _a033500713002 | ||
| 040 |
_aFISKH _beng _cFISKH 783.9 LCC M2193.W34 L5 _dFISKH |
||
| 050 | _aM2193.W34 L5 | ||
| 082 | _a783.9 | ||
| 100 | _aWerner, Elsa Jane | ||
| 245 |
_aThe little golden book of Hymns / _cCompiled by Elsa Jane Werner and E.D. EBSUN ; Illustrated by Frances Score Mitchell |
||
| 260 |
_aNew York : _bWestern Publishing Company, _c1985. |
||
| 300 |
_a24 unnumbered pages : _bcolor illustrations ; _c21 cm |
||
| 490 | _aA little golden book : | ||
| 505 | _aE | ||
| 520 | _aContains 13 children's hymns, with music. | ||
| 521 | 8 |
_a200
_bLexile estimate |
|
| 521 | 8 |
_aE
_bRaz-Plus |
|
| 650 |
_asongs _vJuvenile literature |
||
| 700 |
_aMitchell, Frances Score _eillustrator |
||
| 942 |
_2ddc _cBK _n0 |
||
| 999 |
_c7148 _d7148 |
||